| 000 | 00595nam a2200217 a 4500 | ||
|---|---|---|---|
| 005 | 20210219153253.0 | ||
| 008 | 991125n 000 0 u | ||
| 035 | _aUPN01000087743 | ||
| 100 | _aFernald, Peter S. | ||
| 222 | _aJOURNAL OF HUMANISTIC EDUCATION AND DEVELOPMENT | ||
| 245 | _aThe merits of the take-home, closed-book exam | ||
| 300 | _a130-142 | ||
| 362 | _a29, No. 4, 1991 | ||
| 505 | _aEnero 1992 | ||
| 653 | 0 | _aACTITUDES DEL ESTUDIANTE | |
| 653 | 0 | _aFORMATO DE PRUEBAS | |
| 653 | 0 | _aPRUEBAS | |
| 700 | _aWebster, Sandra | ||
| 904 |
_aAC _b025554 |
||
| 905 | _aArticulo | ||
| 999 |
_c72686 _d72686 |
||